01519nam a2200349 a 4500001001000000003000500010005001700015008004100032010001100073011001100084040000900095090001000104100004300114245018200157260004100339500006000380502006700440590004100507590004100548590004000589590004000629650005300669650003500722650003400757856007000791901000700861942001000868942000600878999001900884952013100903952013501034000113760CHAP20220329144411.0170914s2017 mx sm |||||||spa d a110221 a111193 cCHAP aTesis1 aRodríguez Esquivel, Gabriela913317810aDistribución espacial de la salinidad en los suelos del valle lagunilla-Julian Villagran del Distrito de Riego 03, Tula, Hgo.h[En línea]cpor Gabriela Rodríguez Esquivel. aChapingo, Méx. :bEl autor,c2017. aPara ver el contenido del material haga clic en la liga aTesis (Ing. Agr. Esp. en Suelos)- UACH. Departamento de Suelos aE11695DGDb10c20170914lUCH01h1436 aE11695DGDb10c20170914lUCH01h1438 aE6339RRRb05c20170914lUCH01h1333 aE6339RRRb05c20170914lUCH01h133714aSuelos salinosxDistribuciónzHidalgo.913318014aSuelosxComposición.911028014aSuelosxEvaluación.9110364 aFinding aiduhttp://10.13.5.2/tesis/sist113760.pdfzTeclea aquí aBK cTESIS n0 c110221d110221 00104054718TESISaBCbBCd2017-09-14fTESISl0oTesisp113762-10r2019-12-31 00:00:00w2019-12-31yTESISzRecien adquirido 00102local4053708TESISaBCbBCcPA_TESISd2017-09-14fTESISl0oTesisp113762-20r2019-12-31 00:00:00tc.2w2019-12-31yTESIS